logo

Bir Sreshtho Munshi Abdur Rouf Library
Jhenaidah Cadet College

The Constitution of the People's Republic of Bangladesh / (Record no. 10251)

MARC details
000 -LEADER
fixed length control field 00840cam a2200253 4500
001 - CONTROL NUMBER
JCCL Control Number 10251
003 - CONTROL NUMBER IDENTIFIER
JCCL marc code BD-JhCC
005 - DATE AND TIME OF LATEST TRANSACTION
control field 20180421192042.0
008 - FIXED-LENGTH DATA ELEMENTS--GENERAL INFORMATION
fixed length control field 180421s1972 bg 000 0 eng
035 ## - SYSTEM CONTROL NUMBER
system control number (BD-JhCC)10251
040 ## - CATALOGING SOURCE
Original cataloging agency DLC
Transcribing agency DLC
Modifying agency DLC
-- BD-JhCC
041 ## - LANGUAGE CODE
Language code of Book eng
050 00 - LIBRARY OF CONGRESS CALL NUMBER
Classification number LAW
082 00 - DEWEY DECIMAL CLASSIFICATION NUMBER
Classification number 342/.5492/02
Author mark and Year CON 1972
110 1# - MAIN ENTRY--CORPORATE NAME
Corporate name or jurisdiction name as entry element Bangladesh.
Form subheading Constitution.
245 14 - TITLE STATEMENT
Title The Constitution of the People's Republic of Bangladesh /
Statement of responsibility, etc passed by the Constituent Assembly of Bangladesh on the 4th Nov. 1972 and authenticated by the Speaker on the 14th Dec. 1972.
260 ## - PUBLICATION, DISTRIBUTION, ETC. (IMPRINT)
Place of publication, distribution, etc Dhaka :
Name of publisher, distributor, etc Constituent Assembly of Bangladesh,
Date of publication, distribution, etc 1972.
300 ## - PHYSICAL DESCRIPTION
Pagination vii, 83 p.
Dimensions 25 cm.
500 ## - GENERAL NOTE
General note Cover title.
500 ## - GENERAL NOTE
General note "Authorised English translation."
650 #0 - SUBJECT ADDED ENTRY--TOPICAL TERM
Topical term or geographic name as entry element Constitutions
Geographic subdivision Bangladesh.
942 ## - ADDED ENTRY ELEMENTS (KOHA)
Source of classification or shelving scheme Dewey Decimal Classification
Koha item type Reference
Holdings
Source of classification or shelving scheme Damaged status Not for loan Home library Current library Shelving location Date of accession Total Checkouts Full call number Barcode Date last seen Copy number Koha item type
Dewey Decimal Classification     JCC Rouf Library JCC Rouf Library General Stacks 04/21/2018   342/.5492/02 CON 1972 12547 04/21/2018 C-1 Reference

JCC Library | Contacts | JCC Home

Last Update on 23 September 2017
Copyright @ 2017-2020 JCC Rouf Library
Rouf Library, Jhenidah Cadet College (JCC), Bangladesh